000 00687nam a2200229 a 4500
001 BRCA_6162
005 20190320205345.0
008 070711s1945----nyu#######---#000-0#eng-#
041 _aeng
044 _anyu
050 4 _aPZ3
_b.L668Re 1945
100 1 _aLoos, Mary
_915528
245 1 0 _aReturn to the vineyard
_cMary Loos and Walter Duranty.
260 _aGarden City, Nueva York
_bDoran
_c1945
300 _a243 p.
_c20 cm.
500 _aCon dedicatoria de Mary Loos a Franz Mayer, Mayo de 1945.
500 _aK45
650 1 4 _aGuerra Mundial, 1939-1945
_vFicción
_xRepatriación
_915529
700 1 _aDuranty, Walter
_f1884-1957
_ecoau.
_915530
902 _aGFM
942 _2lcc
_cB
999 _c5849
_d5849